Diccionario visual de arquitectura / (Registro nro. 136)
[ vista simple ]
| 000 -LEADER | |
|---|---|
| fixed length control field | 02578nam a2200265Ia 4500 |
| 003 - CONTROL NUMBER IDENTIFIER | |
| control field | PE SENCICO BE |
| 005 - DATE AND TIME OF LATEST TRANSACTION | |
| control field | 20251020182427.0 |
| 008 - FIXED-LENGTH DATA ELEMENTS--GENERAL INFORMATION | |
| fixed length control field | 200515s9999 xx 000 0 und d |
| 020 ## - INTERNATIONAL STANDARD BOOK NUMBER | |
| International Standard Book Number | 978-84-252-2787-5 |
| 040 ## - CATALOGING SOURCE | |
| Original cataloging agency | PE SENCICO BE |
| Transcribing agency | PE SENCICO BE |
| 041 ## - LANGUAGE CODE | |
| Language code of text/sound track or separate title | spa |
| 082 ## - DEWEY DECIMAL CLASSIFICATION NUMBER | |
| Classification number | R 720.3 |
| Item number | C56 |
| Edition information | 2015 |
| 100 1# - MAIN ENTRY--PERSONAL NAME | |
| Personal name | Ching, Francis D. K. |
| 9 (RLIN) | 405 |
| Relator term | autor |
| 245 10 - TITLE STATEMENT | |
| Title | Diccionario visual de arquitectura / |
| Statement of responsibility, etc. | Francis D. K. Ching |
| 250 ## - EDITION STATEMENT | |
| Edition statement | 2a ed. |
| 260 ## - PUBLICATION, DISTRIBUTION, ETC. | |
| Place of publication, distribution, etc. | Barcelona : |
| Date of publication, distribution, etc. | Gustavo Gili, |
| Name of publisher, distributor, etc. | 2015 |
| 300 ## - PHYSICAL DESCRIPTION | |
| Extent | 359 páginas : |
| Other physical details | ilustraciones, diagramas ; |
| Dimensions | 29 cm. |
| 505 0# - FORMATTED CONTENTS NOTE | |
| Formatted contents note | Arquitectura. -- Adorno. -- Albañilería. -- Arco. -- Ascensor. -- Bóveda. -- Calor. -- Carga. -- Casa. -- Cerámica. -- Cercha. -- Chimenea hogar. -- Cimiento. -- Color. -- Columna. -- Construcción. -- Cubierta. -- Cúpula. -- Dibujo. -- Diseño. -- Edificio. -- Electricidad. -- Ensamble. -- Escalera. -- Esqueleto. -- Estanquidad al agua. -- Estructura. -- Estructura de cables. -- Estructura laminar. -- Fontanería. -- Fortificación. -- Fuerza. -- Geometría. -- Habitación. -- Herrajes. -- Historia de la arquitectura. -- Hormigón. -- Hormigón armando. -- Iglesia. -- Ladrillo. -- Levantamiento topográfico. -- Luz. -- Madera. -- Material. -- Medida. -- Membrana. -- Metal. -- órdenes clásicos. -- Pared. -- Piedra. -- Pintura. -- Piso. -- Placa. -- Plástico. -- Preparación del terreno. -- Protección contra incendios. -- Puerta. -- Sonido. -- Sostenibilidad. -- Suelo. -- Teatro. -- Techo. -- Templo. -- Unión. -- Ventana. -- Vidrio. -- Viga. -- visión. -- Yeso. |
| 520 3# - SUMMARY, ETC. | |
| Summary, etc. | Este volumen nos brinda precisamente su particular contribución al universo de la terminología arquitectónica y alejándose de los diccionarios alfabéticos al uso, Ching compone un diccionario visual sistemático que reúne mas de 7,000 definiciones organizadas en 66 conceptos básicos del diseño arquitectónico. El resultado es una amplia panorámica gráfica y conceptual de la terminología del ámbito de la arquitectura y de las interrelaciones que se establecen entre los términos. Al final del volumen, el diccionario incorpora asimismo la lista alfabética en español de los términos definidos, así como su traducción al inglés y viceversa, de manera que el lector podrá realizar consultas de términos precisos por orden alfabético. Un diccionario fundamental, ya clásico, de los ámbitos de la arquitectura y la construcción. |
| 650 10 - SUBJECT ADDED ENTRY--TOPICAL TERM | |
| Topical term or geographic name entry element | Arquitectura |
| 9 (RLIN) | 49 |
| 650 20 - SUBJECT ADDED ENTRY--TOPICAL TERM | |
| Topical term or geographic name entry element | Construcción |
| 9 (RLIN) | 177 |
| 650 20 - SUBJECT ADDED ENTRY--TOPICAL TERM | |
| Topical term or geographic name entry element | Diccionarios |
| 9 (RLIN) | 201 |
| 942 ## - ADDED ENTRY ELEMENTS (KOHA) | |
| Koha item type | Libros |
| Source of classification or shelving scheme | Dewey Decimal Classification |
| Fecha de la última vez que lo usaron | Número de ingreso o de inventario | Pago total | Signatura topográfica completa | Precio efectivo desde | Tipo de documento | Estado perdido | Sistema de clasificación | Estado dañado | No es para préstamo | Retirado | Ubicación permanente | Ubicación actual | Fecha de adquisición | Fuente de adquisición |
|---|---|---|---|---|---|---|---|---|---|---|---|---|---|---|
| 04/09/2023 | 16668 | R/720.3/C56/2015 | 04/09/2023 | Libros | Dewey Decimal Classification | Biblioteca Central Lima | Biblioteca Central Lima | 14/08/2023 | Comprado de la librería Megabook |